Sunshine

Bibliographic Details
Main Author: PALMER, Joy
Format: Book
Published: London : Franklin Watts , 1992
Series:First start
Subjects:

MARC

LEADER 00000cam a2200000 7i4500
001 0000001239
002 000001368
005 20051010.0
020 |a 0749606452 
090 0 0 |a 030   |b FIR 
100 1 |a PALMER, Joy 
245 1 0 |a Sunshine   |c Joy Palmer 
260 |a London :   |b Franklin Watts ,   |c 1992 
300 |a 32p. ;   |c 22 cm. 
490 0 |a First start 
650 0 0 |a Sunshine   |x Children fiction 
999 |a 031030   |b BUKU   |c JUNIOR BOOKS   |e PERPUSTAKAAN KOMUNITI CAW KOTA DAMANSARA